1198 1266 1366 1912 1102 1932 1116 1603 1469 1932 1014 1232 1887 1121 1475 1596 1160 2000 1024 1401 1484 1203 1804 1435 1855 1449 1180 1029 1731 1087 1563 1880 1546 1249 1791 1698 1984 1876 1707 1058 1677 1430 1189 1924 1611 1126 1696 1897 1885 1812 1797 1952 1409 1566 1137 1678 1132 1671 1568 1241 1607 1353 1373 1543 1396 1934 1863 1972 1712 1388 1162 1663 1173 1616 1929 1921 1225 1838 1524 1857 1734 1112 1675 1868 1622 1236 1321 1078 1233 1236 1553 1698 1431 1376 1916 1874 1022 1245 1069 BCNSPRNW ULIB Ver.6.0+V

เปลี่ยนเป็นภาษาไทย

Change to English
 แสดงรายละเอียดบรรณานุกรม
  กลับหน้าหลัก

Brief Record : Get Marc (ISO 2709) : E-mail record : QR code < ปิดหน้าต่าง
LEADER : 00000nam 2200000uu 4500
001    13399122700
003     ULIB
008    130902s2554||||th 000 0 tha d
020    ^a9789740326625
050    ^aQA76^bณ321ก
100 0  ^aณัฐกร สงคราม
245 10 ^aการออกแบบและพัฒนามัลติมีเดียเพื่อการเรียนรู้ =^bMultimedia for learning : design & development /^cณัฐกร สงคราม
246 31 ^aMultimedia for learning : design & development.
250    ^aพิมพ์ครั้งที่ 2
260    ^aกรุงเทพฯ :^bสำนักพิมพ์แห่งจุฬาลงกรณ์มหาวิทยาลัย,^c2554
300    ^a163 หน้า :^bภาพประกอบสีบางภาพ ;^c26 ซม.
650  4 ^aสื่อการสอน
650  4 ^aระบบมัลติมีเดียในการศึกษา
650  4 ^aระบบมัลติมีเดีย
650  4 ^aคอมพิวเตอร์ช่วยการสอน
945    ^p180^l0^i20142
999    ^aทศพร เกษรทอง
รายการนี้ยังไม่มีแท็ก
คุณยังไม่ได้ล็อกอิน คุณสามารถมีกิจกรรมร่วมกับเว็บไซต์ได้ แต่ต้องล็อกอินก่อน ::
  ล็อกอิน

รายการสื่อสารสนเทศ

ลำดับที่ ประเภท เลขเรียก/บาร์โค้ด สถานที่ สถานะ
1. การศึกษาทั่วไป
การศึกษาทั่วไป
QA76 ณ321ก ฉ.1 
  Barcode: 20142
ห้องสมุดวิทยาเขตนครสวรรค์
►หนังสือทั่วไป:l:General Books
บนชั้น

รายการใกล้เคียง
    ผู้แต่ง [ณัฐกร สงคราม]

    หัวเรื่อง [สื่อการสอน]
    หัวเรื่อง [ระบบมัลติมีเดียในการศึกษา]
    หัวเรื่อง [ระบบมัลติมีเดีย]
    หัวเรื่อง [คอมพิวเตอร์ช่วยการสอน]

BibComment


ยังไม่เคยถูกคอมเมนท์

คอมเมนท์ทรัพยากรรายการนี้
  คอมเมนท์: การออกแบบและพัฒน..


 Copyright 2026. Bcnsprnw @Library